000
00283nam a22001337a 4500
008
180918b xxu||||| |||| 00| 0 eng d
020
_a
0397505485
041
_a
eng
080
_a
611
100
_a
3
101
_a
SHM
245
_a
Respiratory Care
_c
Burton, G.G
942
_2
udc
_c
BK
999
_c
47951
_d
47951